Normal view
MARC view
- Areesh Tahir, Atif Khan, M. Sohaib Jasim
Entry Personal Name
001 - CONTROL NUMBER
- control field: 92226
003 - CONTROL NUMBER IDENTIFIER
- control field: NUST
005 - DATE AND TIME OF LATEST TRANSACTION
- control field: 20220703090730.0
008 - FIXED-LENGTH DATA ELEMENTS
- fixed length control field: 220703|| aca||aabn | a|a d
040 ## - CATALOGING SOURCE
- Original cataloging agency: NUST
- Transcribing agency: NUST
100 ## - HEADING--PERSONAL NAME
- Personal name: Areesh Tahir, Atif Khan, M. Sohaib Jasim
670 ## - SOURCE DATA FOUND
- Source citation: Work cat.: (NUST)12945: Areesh Tahir 92225, Pre natal remote monitoring health unit, 2014
